Manual de conservacão do solo (Record no. 42706)
[ view plain ]
| 000 -Etiqueta do registo | |
|---|---|
| Valores | 00639cam a2200193 4500 |
| 100 ## - Dados gerais de processamento | |
| Dados gerais | 19950512d1951 k a0pory5003 ba |
| 101 1# - Língua de publicação | |
| Língua | por |
| 102 ## - País de publicação | |
| País | US |
| 200 1# - Titulo e menção de responsabilidade | |
| Título próprio | Manual de conservacão do solo |
| Primeira menção de responsabilidade | [ed.] William X. Hull |
| Outras menções de responsabilidade | trad. Hilgard O' Reilly Sternberg |
| 210 #9 - Publicação | |
| Local de publicação | Washington, D.C. |
| Nome do editor | Sec. Agricultura dos E.U.A., Servi—co de Conserva—cão do Solo, |
| Data de publicação | imp. 1951 |
| 215 ## - Descrição física | |
| Paginação / Volumes | VII, 307 p. |
| Outras indicações físicas | il., tab., mapa |
| Dimensões | 26 cm |
| 225 2# - Colecção | |
| Título próprio da colecção | Publicacão TC |
| Indicação de volume | 284 |
| 675 ## - CDU | |
| Notação | 631.4 |
| Edição | med |
| Língua | fre |
| 700 01 - Autor principal | |
| Apelido | Hull, |
| Nome | William X. |
| 702 #1 - Autor secundário | |
| Apelido | Sternberg, |
| Nome | Hilgard O'Reilly, |
| Datas | 1890- |
| Função | 730 |
| 801 #0 - Fonte de origem | |
| País | PT |
| Agência | BN |
| Regras de catalogação | RPC |
| 990 ## - Elementos KOHA | |
| Tipo de documento | Livro |
| Aquisição | Empréstimo | Código de barras | Cota | Permissão de empréstimo | Tipo de documento |
|---|---|---|---|---|---|
| Biblioteca Municipal de Redondo | Biblioteca Municipal de Redondo | 049517 | 631.4 HUL | Livro |